000 00523nam a2200193Ia 4500
999 _c7269
_d7269
020 _a9781412970198
082 _a365.66 GID-R
100 _aGideon, Lior
245 0 _aRethinking corrections: rehabilitation, reentry, and reintegration
260 _aLos Angeles
_bSage Publications
_c2011
300 _axx, 427
504 _aincludes index
650 _aCriminals
_vRehabilitation
650 _aCorrections
650 _aEx-Convicts
650 _aCommunity-based corrections
700 _aSung, Hung-En
942 _cBK